Structral design in metals (Record no. 11702)

000 -LEADER
fixed length control field 00502nam a22001937a 4500
001 - CONTROL NUMBER
control field 11702
003 - CONTROL NUMBER IDENTIFIER
control field BD-DhUET
008 - FIXED-LENGTH DATA ELEMENTS--GENERAL INFORMATION
fixed length control field 150218b xxu||||| |||| 00| 0 eng d
040 ## - CATALOGING SOURCE
Original cataloging agency DLC
Transcribing agency DLC
Modifying agency BD-DhUET
082 ## - DEWEY DECIMAL CLASSIFICATION NUMBER
Classification number 624.182
Item number WIL/1957
100 ## - MAIN ENTRY--PERSONAL NAME
Personal name Willims, Clifford D.
245 ## - TITLE STATEMENT
Title Structral design in metals
250 ## - EDITION STATEMENT
Edition statement 2nd ed.
260 ## - PUBLICATION, DISTRIBUTION, ETC. (IMPRINT)
Place of publication, distribution, etc. New York
Name of publisher, distributor, etc. Ronald Press
Date of publication, distribution, etc. 1957
300 ## - PHYSICAL DESCRIPTION
Extent viii, 655 p.
Other physical details ill.
Dimensions 17 cm.
650 #0 - SUBJECT ADDED ENTRY--TOPICAL TERM
Topical term or geographic name as entry element Metals Structural Engg
700 ## - ADDED ENTRY--PERSONAL NAME
Personal name Harris, Ernest C.
942 ## - ADDED ENTRY ELEMENTS (KOHA)
Koha item type General Book
Holdings
Copy number Withdrawn status Price effective from Not for loan Lost status Shelving location Sublocation or collection (holding branch) Date acquired Koha full call number Source of classification or shelving scheme Koha date last seen Piece designation (barcode) Koha item type Damaged status Location (home branch) Koha normalized classification for sorting
1 2015-02-18  Circulation sectionCentral Library, BUET2015-02-18624.182/WIL/1957 2015-02-1861224General Book Central Library, BUET624_182000000000000_WIL_1957
2 2015-02-18  Circulation sectionCentral Library, BUET2015-02-18624.182/WIL/1957 2015-02-1842428General Book Central Library, BUET624_182000000000000_WIL_1957
3 2015-02-18  Circulation sectionCentral Library, BUET2015-02-18624.182/WIL/1957 2015-02-1811560General Book Central Library, BUET624_182000000000000_WIL_1957
4 2015-02-18  Circulation sectionCentral Library, BUET2015-02-18624.182/WIL/1957 2015-02-1861147General Book Central Library, BUET624_182000000000000_WIL_1957
5 2015-05-10  Circulation sectionCentral Library, BUET2015-05-10624.182/WIL/1957 2015-05-1042357General Book Central Library, BUET624_182000000000000_WIL_1957
6 2015-05-12  Circulation sectionCentral Library, BUET2015-05-12624.182/WIL/1957 2015-05-1211559General Book Central Library, BUET624_182000000000000_WIL_1957